Welcome to the Holygrace Academy Library

Please use search bar below to get started

JWALIKKUNNA MANCHIRATHUKAL (Record no. 4818)

MARC details
000 -LEADER
fixed length control field 00312nam a22001337a 4500
082 ## - DEWEY DECIMAL CLASSIFICATION NUMBER
Classification number 894.812.3
Item number GEO/J
100 ## - MAIN ENTRY--AUTHOR NAME
Personal name GEORGE, BEENA
245 ## - TITLE STATEMENT
Title JWALIKKUNNA MANCHIRATHUKAL
260 ## - PUBLICATION, DISTRIBUTION, ETC. (IMPRINT)
Place of publication TRIVANDRUM
Name of publisher PRABHATHAM PRINTING & PUBLISHING CO
Year of publication 1997
300 ## - PHYSICAL DESCRIPTION
Number of Pages 108
520 ## - SUMMARY, ETC.
Summary, etc NOVEL
650 ## - SUBJECT ADDED ENTRY--TOPICAL TERM
Topical Term NOVEL
942 ## - ADDED ENTRY ELEMENTS (KOHA)
Koha item type Books
Holdings
Withdrawn status Lost status Collection code Home library Current library Shelving location Date acquired Source of acquisition Cost, normal purchase price Full call number Accession Number Koha item type
    Fiction Main Library Main Library SHELF-16- I- MALAYALAM NOVELS,FICTIONS 12/01/2005 Purchase 40.00 894.812.3 GEO/J 01992 Books